Radiology of chest diseases / (رقم التسجيلة. 21548)
[ عرض عادي ]
| 000 -الفاتح | |
|---|---|
| حقل البيانات ثابتة الطول | 01830cam a22004334a 4500 |
| 001 - رقم الضبط | |
| رقم الضبط | 74029355 |
| 003 - محدد رقم الضبط | |
| رقم الضبط | OCoLC |
| 005 - وقت وتاريخ اخر تعامل مع التسجيلة | |
| رقم الضبط | 20150408114014.0 |
| 008 - عناصر البيانات ثابتة الطول - معلومات عامة | |
| حقل البيانات ثابتة الطول | 061018s2007 gw a b 001 0 eng |
| 010 ## - رقم ضبط مكتبة الكونجرس | |
| رقم ضبط مكتبة الكونجرس | 2006034911 |
| 020 ## - الرقم الدولى المعيارى للكتب | |
| الرقم الدولى المعيارى للكتاب | 9783137407034 (GTV : alk. paper) |
| 020 ## - الرقم الدولى المعيارى للكتب | |
| الرقم الدولى المعيارى للكتاب | 3137407036 (GTV : alk. paper) |
| 020 ## - الرقم الدولى المعيارى للكتب | |
| الرقم الدولى المعيارى للكتاب | 9781588904478 (TNY : alk. paper) |
| 020 ## - الرقم الدولى المعيارى للكتب | |
| الرقم الدولى المعيارى للكتاب | 1588904474 (TNY : alk. paper) |
| 035 ## - رقم ضبط النظام | |
| رقم ضبط النظام | (OCoLC)74029355 |
| 040 ## - مصدر الفهرسة | |
| وكالة الفهرسة الأصلية | DNLM/DLC |
| وكالة النسخ | DLC |
| وكالة التعديل | NLM |
| -- | BAKER |
| -- | BTCTA |
| -- | C#P |
| -- | YDXCP |
| -- | MUQ |
| -- | NLGGC |
| -- | CIN |
| 041 1# - رمز اللغة | |
| رمز لغة النص/ المسارات الصوتية أو العنوان الانفرادي | eng |
| رمز لغة الترجمات و/او الاصلية المتوسطة للنص | ger |
| 042 ## - رمز التحقق | |
| رمز التحقق | pcc |
| 050 10 - رقم طلب مكتبة الكونجرس | |
| رقم التصنيف | RC941 |
| رقم المادة | .L3713 2007 |
| 060 00 - رقم الطلب بالمكتبة الطبية الوطنية | |
| رقم التصنيف | 2007 J-641 |
| 060 10 - رقم الطلب بالمكتبة الطبية الوطنية | |
| رقم التصنيف | WF 17 |
| رقم المادة | L274r 2007a |
| 082 00 - رقم تصنيف ديوى العشرى | |
| رقم التصنيف | 617.5407 |
| رقم الطبعة | 22 |
| 100 1# - المدخل الرئيسى - إسم شخصى | |
| الإسم الشخصى | Lange, Sebastian. |
| 9 (RLIN) | 11119 |
| 240 10 - العنوان الموحد | |
| عنوان موحد | <a href="Radiologische Diagnostik der Thoraxerkrankungen.">Radiologische Diagnostik der Thoraxerkrankungen.</a> |
| لغة العمل | English. |
| 245 10 - بيان العنوان | |
| العنوان | Radiology of chest diseases / |
| بيان المسئوليه,etc | Sebastian Lange, Geraldine Walsh ; with a contribution by Michael Montag. |
| 250 ## - بيان الطبعة | |
| بيان الطبعة | 3rd ed., fully rev. and updated. |
| 260 ## - PUBLICATION, DISTRIBUTION, ETC. (IMPRINT) | |
| مكان الناشر او الموزع | Stuttgart ; |
| -- | New York : |
| اسم الناشر او الموزع | Thieme, |
| تاريخ النشر أو التوزيع | c2007. |
| 300 ## - الوصف المادى | |
| التعداد | xii, 377 p. : |
| تفاصيل ماديه اخرى للوعاء | ill. (some col.) ; |
| أبعاد الوعاء | 28 cm. |
| 500 ## - تبصرة عامة | |
| تبصرة عامة | "Fully revised and expanded authorized translation of the 3rd German edition published and copyrighted 2005 by Georg Thieme Verlag, Stuttgart, Germany. Title of the German edition: Radiologische Diagnostik der Thoraxerktrankungen"--T.p. verso. |
| 504 ## - تبصرة ببليوجرافية | |
| تبصرة ببليوجرافية,الخ | Includes bibliographical references (p. 357-367) and index. |
| 650 #0 - المدخل الاضافى بالموضوع-مصطلح موضوعى | |
| مصطلح موضوعي أو اسم جغرافي كعنصر مدخل | Chest |
| التقسيم الفرعي العام | Radiography |
| التقسيم الفرعي الشكلي | Textbooks. |
| 9 (RLIN) | 11120 |
| 650 #0 - المدخل الاضافى بالموضوع-مصطلح موضوعى | |
| مصطلح موضوعي أو اسم جغرافي كعنصر مدخل | Lungs |
| التقسيم الفرعي العام | Radiography |
| التقسيم الفرعي الشكلي | Textbooks. |
| 9 (RLIN) | 11121 |
| 650 12 - المدخل الاضافى بالموضوع-مصطلح موضوعى | |
| مصطلح موضوعي أو اسم جغرافي كعنصر مدخل | Radiography, Thoracic |
| التقسيم الفرعي الشكلي | Atlases. |
| 9 (RLIN) | 10941 |
| 650 22 - المدخل الاضافى بالموضوع-مصطلح موضوعى | |
| مصطلح موضوعي أو اسم جغرافي كعنصر مدخل | Cardiovascular Diseases |
| التقسيم الفرعي العام | radiography |
| التقسيم الفرعي الشكلي | Atlases. |
| 9 (RLIN) | 11122 |
| 650 22 - المدخل الاضافى بالموضوع-مصطلح موضوعى | |
| مصطلح موضوعي أو اسم جغرافي كعنصر مدخل | Lung |
| التقسيم الفرعي العام | radiography |
| التقسيم الفرعي الشكلي | Atlases. |
| 9 (RLIN) | 11123 |
| 650 22 - المدخل الاضافى بالموضوع-مصطلح موضوعى | |
| مصطلح موضوعي أو اسم جغرافي كعنصر مدخل | Lung Diseases |
| التقسيم الفرعي العام | radiography |
| التقسيم الفرعي الشكلي | Atlases. |
| 9 (RLIN) | 11124 |
| 700 1# - المدخل الاضافى - اسم شخصى | |
| الإسم الشخصى | Walsh, Geraldine, |
| العنوان والكلمات الأخرى المصاحبة للاسم | FRCR. |
| 9 (RLIN) | 11125 |
| 942 ## - عناصر المدخل الإضافي( كوها) | |
| مصدر التصنيف او مخطط الترفيف | Dewey Decimal Classification |
| Koha [default] item type | كتاب |
| حالة الفقد | نموذج السعر الفعال | حالة تلف | ليس للاعارة | رقم الطلب | تاريخ الاكتساب | الموقع الحالي | الباركود | الفرع الرئيسي | Date last checked out | Date last seen | نوع المادة فى نظام كوها | مصدر التصنيف او خطة الترفيف | Total Checkouts |
|---|---|---|---|---|---|---|---|---|---|---|---|---|---|
| 2013-03-10 | 617.5407 L S R | 2012-04-17 | مكتبة كلية العلوم الطبية التطبيقية بالمجمعة - طالبات (AMF) | 00076541 | مكتبة مجمع الطالبات بالمجمعة (EMF) | 2025-01-19 | 2026-04-02 | كتاب | Dewey Decimal Classification | 1 | |||
| 2013-03-10 | 617.5407 L S R | 2012-04-17 | مكتبة مجمع الطالبات بالمجمعة (EMF) | 00076540 | مكتبة مجمع الطالبات بالمجمعة (EMF) | 2013-03-10 | كتاب | Dewey Decimal Classification | |||||
| 2013-03-10 | 617.5407 L S R | 2012-04-17 | مكتبة مجمع الطالبات بالمجمعة (EMF) | 00076543 | مكتبة مجمع الطالبات بالمجمعة (EMF) | 2013-03-10 | كتاب | Dewey Decimal Classification | |||||
| 2013-03-10 | 617.5407 L S R | 2012-04-17 | مكتبة مجمع الطالبات بالمجمعة (EMF) | 00076542 | مكتبة مجمع الطالبات بالمجمعة (EMF) | 2013-03-10 | كتاب | Dewey Decimal Classification |
